00662nam a2200217Ia 4500003000900000008004100009040001300050040001300063041000800076100001800084245003800102250000900140260001000149260000900159300001000168490000600178600021300184700002000397700000900417700001800426IT-RoPAU120407s9999 xx 000 0 und d aIT-RoPAU cIT-RoPAU aita aPierre Grelot aIntroduzione al Nuovo Testamento. aRoma aBorla c1978 c21 cm v5 a 1° v. Agli inizi dell’era cristiana.260 p. 2°v. L’Annuncio del Vangelo.296 p. 3°v. Le lettere apostoliche. 328 p. 4° v. La tradizione giovannea.328 p. 5° v. Il compimento delle scritture.32 p. aGeorge Augustin ccur. aPierre Grelot